|
|
|
|
| LEADER |
00000nab a2200000 a 4500 |
| 001 |
vtls000921689 |
| 003 |
SK-MaSNL |
| 005 |
20260303034506.0 |
| 008 |
040720e19980613xo 0 slo |
| 035 |
|
|
|a KE30566
|
| 040 |
|
|
|a KEVKJB
|b slo
|c KEVKJB
|e AACR2
|
| 041 |
0 |
|
|a slo
|
| 044 |
|
|
|a xo
|c SK
|
| 080 |
|
|
|a 362.41
|2 1981
|
| 100 |
1 |
|
|a Bančanský, Andrej
|4 aut
|9 839074
|
| 245 |
1 |
0 |
|a Hudba a spev nevidiacich
|b V Sečovciach zakladajú tradíciu
|
| 610 |
2 |
7 |
|a Únia nevidiacich a slabozrakých na Slovensku (Sečovce, Slovensko)
|2 KEVKJB
|9 1019898
|
| 650 |
0 |
7 |
|a umelecká činnosť
|2 KEVKJB
|9 71761
|
| 650 |
0 |
7 |
|a záujmová činnosť
|2 KEVKJB
|9 3674
|
| 651 |
|
7 |
|a Sečovce (Slovensko)
|2 KEVKJB
|9 28464
|
| 651 |
|
7 |
|a Košice (Slovensko)
|2 KEVKJB
|9 18694
|
| 773 |
0 |
8 |
|t Pravda
|g Roč. 8, č.135, 13.6.1998, s. 6
|
| 852 |
|
|
|a ZVYKNI
|b KIS3GCP
|
| 999 |
|
|
|c 1673794
|d 1675724
|